[Event "GER Cup Net V1 U2400"]
[Site "Playchess.com INT"]
[Date "2020.05.19"]
[Round "2"]
[White "Loew, Gerald"]
[Black "Gaitzsch, Martin"]
[Result "0-1"]
[WhiteElo "1979"]
[BlackElo "1802"]
[PlyCount "72"]
[EventDate "2020.05.19"]
[EventType "swiss (blitz)"]
[EventRounds "9"]
[EventCountry "GER"]
[SourceTitle "EXT 2021"]
[Source "ChessBase"]
[SourceDate "2020.10.23"]
[SourceVersion "1"]
[SourceVersionDate "2020.10.23"]
[SourceQuality "1"]

1. c4 e5 2. Nc3 Nf6 3. Nf3 Nc6 4. e3 Bc5 5. d4 exd4 6. exd4 Bb4 7. Be2 0-0 8. 0-0 a6 9. Bg5 Be7 10. d5 Nb8 11. Nd4 d6 12. Bd3 h6 13. Bh4 Nxd5 14. Nxd5 Bxh4 15. Qh5 c6 16. Ne3 Qg5 17. Qf3 Qf6 18. Ndf5 Bg5 19. Ng4 Qd8 20. Rad1 Bxf5 21. Qxf5 g6 22. Qf3 h5 23. Ne3 Nd7 24. Qg3 Ne5 25. Bb1 Bh4 26. Qh3 f5 27. g3 Bg5 28. f4 Ng4 29. Nxg4 hxg4 30. Qg2 Bf6 31. h3 gxh3 32. Qxh3 Kg7 33. g4 Qb6+ 34. Kg2 Rh8 35. Qd3 Qxb2+ 36. Rf2 Rh2+ 0-1

[Event "GER-ch Net Amateur Gr-A Vor3"]
[Site "Playchess.com INT"]
[Date "2020.04.16"]
[Round "1"]
[White "Tiarks, Jann Christian"]
[Black "Gaitzsch, Martin"]
[Result "1/2-1/2"]
[WhiteElo "1984"]
[BlackElo "1701"]
[PlyCount "108"]
[EventDate "2020.04.16"]
[EventType "swiss (blitz)"]
[EventRounds "9"]
[EventCountry "GER"]
[SourceTitle "CBM 195 Extra"]
[Source "ChessBase"]
[SourceDate "2020.05.31"]
[SourceVersion "1"]
[SourceVersionDate "2020.05.31"]
[SourceQuality "1"]

1. e4 e5 2. Nf3 Nc6 3. Nc3 Nf6 4. d4 exd4 5. Nxd4 Bb4 6. Nxc6 bxc6 7. Bd3 d5 8. exd5 0-0 9. 0-0 cxd5 10. h3 c6 11. Qf3 Rb8 12. Bf4 Bd6 13. Rab1 Qc7 14. Ne2 Bd7 15. Rfe1 Rfe8 16. b3 Rxe2 17. Rxe2 Bxf4 18. Rbe1 h6 19. Re7 Bd6 20. R7e2 Bf4 21. c3 Bd6 22. Bc2 Re8 23. Rxe8+ Bxe8 24. Qd3 g6 25. Qd4 Kg7 26. Rxe8 c5 27. Rg8+ Kxg8 28. Qxf6 Be5 29. Qf3 Qd6 30. g3 d4 31. cxd4 Bxd4 32. Kg2 Kg7 33. Bd3 Qe5 34. Bc4 Qf6 35. Qe2 Qe5 36. Qd2 Qf6 37. a3 Qc6+ 38. Kh2 Qf3 39. Qf4 Qxf4 40. gxf4 Bxf2 41. Kg2 Bd4 42. Kf3 Kf6 43. b4 cxb4 44. axb4 Bc3 45. b5 Bd4 46. Ke4 Bb6 47. Kf3 Ke7 48. Ke4 f6 49. Kf3 Kd6 50. Bf7 g5 51. fxg5 hxg5 52. Kg4 Ke5 53. Bg6 Bd4 54. Bh7 Bc5 1/2-1/2

[Event "Oberliga Ost-A 1314"]
[Site "Germany"]
[Date "2014.03.16"]
[Round "9.8"]
[White "Gaitzsch, Martin"]
[Black "Schunk, Thomas"]
[Result "1/2-1/2"]
[WhiteElo "2051"]
[BlackElo "2255"]
[PlyCount "86"]
[EventDate "2013.10.13"]
[EventType "team-tourn"]
[EventRounds "11"]
[EventCountry "GER"]
[SourceTitle "EXT 2015"]
[Source "ChessBase"]
[SourceDate "2014.11.20"]
[SourceVersion "1"]
[SourceVersionDate "2014.11.20"]
[SourceQuality "1"]
[WhiteTeam "Dresden USV II"]
[BlackTeam "Leipzig SG II"]
[WhiteTeamCountry "GER"]
[BlackTeamCountry "GER"]

1. c4 Nf6 2. g3 c5 3. Bg2 Nc6 4. Nf3 e5 5. Nc3 g6 6. 0-0 Bg7 7. a3 0-0 8. Ne1 Ne8 9. Nc2 f5 10. Ne3 d6 11. Rb1 a5 12. Ned5 f4 13. d3 Bh6 14. b4 axb4 15. axb4 cxb4 16. Nb5 Ng7 17. Nxb4 Nxb4 18. Rxb4 Ne6 19. Ra4 Ra6 20. Ba3 Nc5 21. Rxa6 bxa6 22. Nc3 Qa5 23. Qa1 fxg3 24. hxg3 Kh8 25. Bb2 Qd8 26. Nd5 Bg7 27. Qa2 Bg4 28. Bc3 h5 29. Ne3 Bc8 30. Qa5 Qe7 31. Nd5 Qa7 32. Qc7 Qxc7 33. Nxc7 Bg4 34. f3 Bc8 35. Rb1 Kh7 36. Bd2 Rf7 37. Ne8 Bf8 38. Rb8 Bd7 39. Nc7 Bc6 40. Bh3 Bh6 41. Bxh6 Kxh6 42. Ne6 Nxe6 43. Bxe6 Rb7 1/2-1/2

[Event "Oberliga Ost-A 1314"]
[Site "Germany"]
[Date "2013.11.09"]
[Round "2.8"]
[White "Gaitzsch, Martin"]
[Black "Kubikova, Hana"]
[Result "0-1"]
[WhiteElo "2051"]
[BlackElo "2147"]
[PlyCount "80"]
[EventDate "2013.10.13"]
[EventType "team-tourn"]
[EventRounds "11"]
[EventCountry "GER"]
[SourceTitle "EXT 2015"]
[Source "ChessBase"]
[SourceDate "2014.11.20"]
[SourceVersion "1"]
[SourceVersionDate "2014.11.20"]
[SourceQuality "1"]
[WhiteTeam "Dresden USV II"]
[BlackTeam "Aue Nickelhuette II"]
[WhiteTeamCountry "GER"]
[BlackTeamCountry "GER"]

1. c4 Nf6 2. g3 g6 3. Bg2 Bg7 4. Nc3 0-0 5. e4 e5 6. Nge2 Nc6 7. 0-0 d6 8. d3 h6 9. h3 Be6 10. Be3 Kh7 11. f4 exf4 12. Nxf4 Ne5 13. b3 g5 14. Nxe6 fxe6 15. d4 Ng6 16. e5 dxe5 17. Bxb7 Rb8 18. Bg2 exd4 19. Qxd4 Nh5 20. Qg4 Qd3 21. Bxa7 Bxc3 22. Rad1 Qxg3 23. Rd7+ Bg7 24. Qxh5 Rxf1+ 25. Kxf1 Rf8+ 26. Kg1 Qxg2+ 27. Kxg2 Nf4+ 28. Kg1 Nxh5 29. Rxc7 Kg6 30. b4 Nf4 31. b5 Be5 32. Rc6 Nxh3+ 33. Kg2 Nf4+ 34. Kg1 Rd8 35. Be3 Kf5 36. b6 Ra8 37. b7 Rxa2 38. Rc5 Rb2 39. Rb5 Rxb5 40. cxb5 Bb8 0-1

[Event "GER-ch Net qual4 U25"]
[Site "Playchess.com INT"]
[Date "2009.06.17"]
[Round "2"]
[White "Gaitzsch, Martin"]
[Black "Arnold, Max"]
[Result "0-1"]
[WhiteElo "2030"]
[BlackElo "1930"]
[PlyCount "66"]
[EventDate "2009.06.17"]
[EventType "swiss (blitz)"]
[EventRounds "7"]
[EventCountry "GER"]
[SourceTitle "CBM 130 Extra"]
[Source "ChessBase"]
[SourceDate "2009.07.02"]
[SourceVersion "2"]
[SourceVersionDate "2009.07.15"]
[SourceQuality "1"]

1. d4 Nf6 2. c4 g6 3. Nc3 Bg7 4. e4 d6 5. Be2 0-0 6. Be3 c6 7. Nf3 Ng4 8. Bg5 h6 9. Bh4 Qc7 10. 0-0 e5 11. Bg3 Nd7 12. Qd2 f5 13. Nh4 exd4 14. Nd1 Kh7 15. exf5 gxf5 16. Nxf5 Nde5 17. Nxg7 Qxg7 18. Kh1 c5 19. f4 Ng6 20. Bd3 Bf5 21. Qc2 Ne7 22. Bh4 Bxd3 23. Qxd3+ Nf5 24. Nf2 Nge3 25. Rg1 Qg6 26. g3 Rae8 27. Rae1 b5 28. b3 d5 29. cxb5 c4 30. Qb1 d3 31. bxc4 dxc4 32. Nxd3 Nxh4 33. gxh4 Qe4+ 0-1

[Event "GER-ch Net qual3 U25"]
[Site "Playchess.com INT"]
[Date "2009.05.17"]
[Round "2"]
[White "Fruebing, Stefan"]
[Black "Gaitzsch, Martin"]
[Result "1-0"]
[WhiteElo "2303"]
[BlackElo "2030"]
[PlyCount "51"]
[EventDate "2009.05.17"]
[EventType "swiss (blitz)"]
[EventRounds "7"]
[EventCountry "GER"]
[SourceTitle "CBM 130 Extra"]
[Source "ChessBase"]
[SourceDate "2009.07.02"]
[SourceVersion "2"]
[SourceVersionDate "2009.07.15"]
[SourceQuality "1"]

1. e4 c5 2. Nf3 Nc6 3. Nc3 g6 4. d4 cxd4 5. Nxd4 Bg7 6. Nf3 d6 7. Bc4 Nf6 8. 0-0 0-0 9. Bb3 Be6 10. h3 Qa5 11. Bd2 Bxb3 12. axb3 Qh5 13. Be3 a6 14. Qe2 Rac8 15. Rfd1 Nb4 16. Ra4 Nc6 17. Nd5 Rfe8 18. Nxf6+ Bxf6 19. Rd5 Ne5 20. c3 Nxf3+ 21. Qxf3 Qxf3 22. gxf3 Kg7 23. f4 Rc6 24. e5 dxe5 25. fxe5 Bh4 26. Rxh4 1-0

[Event "GER-ch Net qual2 U25"]
[Site "Playchess.com INT"]
[Date "2009.05.13"]
[Round "1"]
[White "Gaitzsch, Martin"]
[Black "Rosner, Jonas"]
[Result "0-1"]
[WhiteElo "2030"]
[BlackElo "2184"]
[PlyCount "54"]
[EventDate "2009.05.13"]
[EventType "swiss (blitz)"]
[EventRounds "7"]
[EventCountry "GER"]
[SourceTitle "CBM 130 Extra"]
[Source "ChessBase"]
[SourceDate "2009.07.02"]
[SourceVersion "2"]
[SourceVersionDate "2009.07.15"]
[SourceQuality "1"]

1. d4 d5 2. c4 e6 3. Nc3 c6 4. Nf3 dxc4 5. a4 Bb4 6. e4 b5 7. Bd2 Nf6 8. e5 Nd5 9. axb5 Bxc3 10. bxc3 cxb5 11. Be2 0-0 12. 0-0 a6 13. Ng5 h6 14. Ne4 Nc6 15. Qc1 f5 16. Nc5 Qc7 17. f4 Nd8 18. Rf3 Nb7 19. Nxa6 Qb6 20. Nc5 Rxa1 21. Qxa1 Nxc5 22. dxc5 Qxc5+ 23. Kh1 Bb7 24. Rg3 Ra8 25. Qb2 Qa3 26. Qxa3 Rxa3 27. Kg1 Ra2 0-1

[Event "GER-ch Net qual2 U25"]
[Site "Playchess.com INT"]
[Date "2009.05.13"]
[Round "2"]
[White "Osswald, Luis Monty"]
[Black "Gaitzsch, Martin"]
[Result "0-1"]
[WhiteElo "2142"]
[BlackElo "2030"]
[PlyCount "138"]
[EventDate "2009.05.13"]
[EventType "swiss (blitz)"]
[EventRounds "7"]
[EventCountry "GER"]
[SourceTitle "CBM 130 Extra"]
[Source "ChessBase"]
[SourceDate "2009.07.02"]
[SourceVersion "2"]
[SourceVersionDate "2009.07.15"]
[SourceQuality "1"]

1. e4 c5 2. Nf3 Nc6 3. d4 cxd4 4. Nxd4 g6 5. Nc3 Bg7 6. Be3 Nf6 7. Nxc6 bxc6 8. e5 Nd5 9. Nxd5 cxd5 10. Qxd5 Rb8 11. Bxa7 Rxb2 12. Bd4 Bb7 13. Qc5 d6 14. Qc3 dxe5 15. Be3 Rb6 16. Bxb6 Qxb6 17. Qe3 Qb4+ 18. c3 Qa5 19. Rb1 Qd5 20. Bb5+ Kf8 21. f3 Bf6 22. 0-0 Kg7 23. c4 Qe6 24. a4 Ra8 25. c5 e4 26. fxe4 Be5 27. Rbc1 Rd8 28. Rfd1 Rxd1+ 29. Rxd1 Qg4 30. Qe2 Qf4 31. g3 Qf6 32. Qf2 Qe6 33. Qc2 Bc7 34. c6 Bb6+ 35. Kh1 Bc8 36. Qb2+ f6 37. Qg2 Qb3 38. h3 Qxd1+ 39. Kh2 Bc7 40. Bf1 Qd6 41. Qf2 Qxc6 42. Bb5 Qb6 43. Qxb6 Bxb6 44. Kg2 Bb7 45. Kf3 f5 46. Bd3 Bxe4+ 47. Bxe4 fxe4+ 48. Kxe4 Kf6 49. Kd5 Ba5 50. Kc5 e5 51. Kb5 e4 52. Kxa5 e3 53. Kb4 e2 54. a5 e1Q+ 55. Kb5 Kf5 56. a6 Ke4 57. a7 Qa1 58. Kb6 Kf3 59. g4 Kg3 60. g5 Kxh3 61. Kb7 Kg4 62. a8Q Qxa8+ 63. Kxa8 Kxg5 64. Kb7 h5 65. Kb6 h4 66. Kc5 h3 67. Kd4 h2 68. Ke3 h1Q 69. Kf2 Qe4 0-1

[Event "GER-ch Net qual2 U25"]
[Site "Playchess.com INT"]
[Date "2009.05.13"]
[Round "7"]
[White "Schnoor, Ekkehard"]
[Black "Gaitzsch, Martin"]
[Result "0-1"]
[WhiteElo "1997"]
[BlackElo "2030"]
[PlyCount "78"]
[EventDate "2009.05.13"]
[EventType "swiss (blitz)"]
[EventRounds "7"]
[EventCountry "GER"]
[SourceTitle "CBM 130 Extra"]
[Source "ChessBase"]
[SourceDate "2009.07.02"]
[SourceVersion "2"]
[SourceVersionDate "2009.07.15"]
[SourceQuality "1"]

1. e4 c5 2. Nf3 Nc6 3. d4 cxd4 4. Nxd4 g6 5. c4 Nf6 6. Nc3 d6 7. Nc2 Bg7 8. Be2 0-0 9. 0-0 Be6 10. Be3 Qa5 11. Rb1 Rfc8 12. b4 Qc7 13. f4 a6 14. h3 Nd8 15. Na3 Ng4 16. hxg4 Bxc3 17. Qd3 Bg7 18. Rfc1 Rab8 19. Kf2 Bh8 20. g3 Qd7 21. f5 Nc6 22. fxe6 Qxe6 23. Qd5 Qd7 24. Rd1 Rd8 25. Bf4 Bc3 26. b5 Nb4 27. Qg5 Nxa2 28. Nc2 Bf6 29. Qd5 Nc3 30. Qd3 axb5 31. cxb5 Nxb1 32. Rxb1 Ra8 33. Ne3 g5 34. Nd5 gxf4 35. gxf4 Ra4 36. g5 Bg7 37. Nb6 Bd4+ 38. Ke1 Bxb6 39. Qb3 Rxe4 0-1

[Event "GER-ch Net qual1 U25"]
[Site "Playchess.com INT"]
[Date "2009.05.10"]
[Round "7"]
[White "Gaitzsch, Martin"]
[Black "Koepke, Elena"]
[Result "0-1"]
[WhiteElo "2030"]
[BlackElo "2274"]
[PlyCount "94"]
[EventDate "2009.05.10"]
[EventType "swiss (blitz)"]
[EventRounds "7"]
[EventCountry "GER"]
[SourceTitle "CBM 130 Extra"]
[Source "ChessBase"]
[SourceDate "2009.07.02"]
[SourceVersion "2"]
[SourceVersionDate "2009.07.15"]
[SourceQuality "1"]

1. d4 d5 2. c4 dxc4 3. Nf3 Nf6 4. e3 e6 5. Bxc4 c5 6. 0-0 a6 7. a4 Nc6 8. Qe2 cxd4 9. Rd1 Be7 10. exd4 0-0 11. Nc3 Nb4 12. Bg5 Re8 13. Ne5 Nfd5 14. Bxe7 Rxe7 15. Ra3 Rc7 16. Nxd5 Nxd5 17. Rh3 Nf6 18. Bd3 h6 19. a5 Bd7 20. Ng4 Ba4 21. Ra1 Bc6 22. Rd1 Rd7 23. Rg3 Kf8 24. Nxh6 gxh6 25. Qe3 Ke7 26. Qxh6 Rxd4 27. Qe3 Qd5 28. f3 Rd8 29. f4 Nh5 30. Rg5 Rxd3 31. Rxd5 Rxe3 32. Rxd8 Nxf4 33. R8d2 Re5 34. Rf2 Nxg2 35. Rxg2 Bxg2 36. Kxg2 Rxa5 37. Rd2 f5 38. Kg3 Kf6 39. h4 Rd5 40. Rc2 Rd3+ 41. Kh2 Rd4 42. Kg3 Rb4 43. Kh2 f4 44. Kg2 Kf5 45. Kf3 e5 46. Rc3 Rxb2 47. Rc7 e4# 0-1

[Event "GER-ch Net qual1 U25"]
[Site "Playchess.com INT"]
[Date "2009.05.10"]
[Round "2"]
[White "Gaitzsch, Martin"]
[Black "Reck, Moritz"]
[Result "0-1"]
[WhiteElo "2030"]
[BlackElo "2149"]
[PlyCount "76"]
[EventDate "2009.05.10"]
[EventType "swiss (blitz)"]
[EventRounds "7"]
[EventCountry "GER"]
[SourceTitle "CBM 130 Extra"]
[Source "ChessBase"]
[SourceDate "2009.07.02"]
[SourceVersion "2"]
[SourceVersionDate "2009.07.15"]
[SourceQuality "1"]

1. d4 g6 2. c4 Bg7 3. Nc3 d6 4. e4 Nc6 5. Be3 e5 6. Nge2 f5 7. d5 Nce7 8. f3 Nf6 9. Qd2 0-0 10. Bh6 a6 11. Bxg7 Kxg7 12. Nc1 Rb8 13. Bd3 Bd7 14. a4 Qe8 15. b3 c6 16. 0-0 cxd5 17. Nxd5 Nexd5 18. cxd5 fxe4 19. fxe4 Qd8 20. Ne2 Qb6+ 21. Kh1 Ng4 22. Qg5 Nf2+ 23. Rxf2 Rxf2 24. Ng3 Rbf8 25. Bc4 Qd4 26. Re1 b5 27. axb5 axb5 28. Bf1 R8f7 29. Nh5+ Kh8 30. Ng3 Qxe4 31. Qd8+ Kg7 32. Qa5 b4 33. Ra1 Qf4 34. Bc4 h5 35. Qa6 h4 36. Nf1 h3 37. g3 Qf3+ 38. Kg1 Qg2# 0-1

[Event "GER-ch Net qual4 U25"]
[Site "Playchess.com INT"]
[Date "2008.06.11"]
[Round "2"]
[White "Werthebach, Felix"]
[Black "Gaitzsch, Martin"]
[Result "1/2-1/2"]
[WhiteElo "2164"]
[BlackElo "2019"]
[PlyCount "111"]
[EventDate "2008.06.11"]
[EventType "swiss (blitz)"]
[EventRounds "7"]
[EventCountry "GER"]
[SourceTitle "CBM 124 Extra"]
[Source "ChessBase"]
[SourceDate "2008.07.03"]
[SourceVersion "1"]
[SourceVersionDate "2008.07.03"]
[SourceQuality "1"]

1. Nf3 c5 2. g3 Nc6 3. Bg2 d5 4. 0-0 e5 5. d3 Be7 6. Nbd2 Be6 7. e4 Nf6 8. exd5 Nxd5 9. Re1 f6 10. Nc4 Qd7 11. Nfd2 0-0 12. Ne4 b5 13. Ne3 b4 14. Nxd5 Bxd5 15. Be3 Nd4 16. c3 Ne6 17. Bh3 Qc6 18. c4 Bxe4 19. dxe4 Nd4 20. b3 Rad8 21. Bxd4 Rxd4 22. Qg4 Rfd8 23. Qe6+ Qxe6 24. Bxe6+ Kf8 25. Bd5 a5 26. Red1 Rxd1+ 27. Rxd1 Bd6 28. Kg2 Ke7 29. Kf3 g6 30. Ke3 Bc7 31. f3 Bb8 32. g4 Bc7 33. Rg1 Rf8 34. Rg3 Rh8 35. g5 h6 36. gxf6+ Kxf6 37. Rg2 Bd6 38. Bc6 Bc7 39. Rd2 Rd8 40. Rd5 Bb6 41. h3 g5 42. Bd7 Ke7 43. Bg4 Kf6 44. Kf2 Rxd5 45. exd5 Ke7 46. Ke3 Bc7 47. Ke4 Kf6 48. Bc8 Bd6 49. Bg4 Be7 50. d6 Bxd6 51. Kd5 Bf8 52. Ke4 Be7 53. Kd5 Bf8 54. Ke4 Be7 55. Bf5 h5 56. Bd7 1/2-1/2